| 000 | 00790cam a22002653a 4500 | ||
|---|---|---|---|
| 001 | 1088 | ||
| 003 | PGUSA | ||
| 005 | 20140828082956.0 | ||
| 008 | 971001s1997||||xxu|||||s|||||000 1 eng d | ||
| 040 |
_aPGUSA _beng |
||
| 042 | _adc | ||
| 050 | 4 | _aPS | |
| 100 | 1 |
_aSeton, Ernest Thompson, _d1860-1946 |
|
| 245 | 1 | 0 |
_aRolf in the Woods _h[electronic resource] / _cErnest Thompson Seton |
| 260 |
_bProject Gutenberg, _c1997 |
||
| 506 | _aPublic domain in the USA. | ||
| 516 | _aElectronic text | ||
| 653 | _aScouting (Reconnaissance) -- Fiction | ||
| 653 | _aScouts (Reconnaissance) -- Fiction | ||
| 653 | _aIndians of North America -- Fiction | ||
| 653 | _aCamping -- Fiction | ||
| 830 | 0 |
_aProject Gutenberg _v1088 |
|
| 856 | 4 | 0 | _uhttp://www.gutenberg.org/ebooks/1088 |
| 942 | _cEB | ||
| 999 |
_c230436 _d230436 |
||